000 00746nam a2200193 a 4500
001 000031186
005 20200930062747.0
008 091209s1994 dr 000 0 spa d
040 _aDO-SdBNP
_bspa
_cBNPHU
082 _a328.7293
_bR426r
110 1 _aRepública Dominicana.
_bCámara de Diputados
_932238
245 1 0 _aReglamento interior y reglamento para el régimen del personal subalterno de secretaría.
260 _aSanto Domingo :
_bCámara de Diputados,
_c1994.
300 _a55 P. ;
_c21 cm.
590 _aPerteneció a la biblioteca personal de Juan Isidro Jimenes Grullón
590 _aInventariado, 2018/BT
650 4 _aPoder legislativo
_zRepública Dominicana
_xReglamentos
_957660
910 _aValidado. Control de calidad. MFF
999 _c30678
_d30678